000 00959cam a22003137a 4500
003 CHAP
005 20220329133742.0
008 971013s1966 r 00010 d
010 _a10350
011 _a11322
035 _a10560
040 _cCHAP
082 _a972.7
_bD3 1966
100 0 0 _aDahlgren de Jordán, Bárbro.
_930897
245 1 3 _aLa mixteca; su cultura e historia prehispánica
250 _a2 ed
260 _aMéxico, D.F. :
_bUNAM,
_c1966
300 _a350 p.
_b: ilus. ; mapas
490 0 _aCultura mexicana, 11
590 _aBATCH-UPD
_b10
_c20130110
_lUCH01
_h1958
590 _aBATCH-UPD
_b10
_c20130410
_lUCH01
_h1319
590 _aBATCH-UPD
_b10
_c20130914
_lUCH01
_h1627
590 _aCONVERSION
_b10
_c20130109
_lUCH01
_h1307
650 1 4 _aOaxaca
_xHistoria.
_982483
830 0 _aCultura mexicana, 11
_930408
901 _aBK
942 _cLIBRO
949 _a972.7 D3 1966
_bBC
_cLIBRO
_d33724000725479
_eLIBRO
_h15582
_i10560
_si
_t35.00
999 _c10350
_d10350